00278pab a2200121 454500008004000000100002000040245003000060260000900090300000900099362001100108650002200119773001500141180718b1985 xxu||||| |||| 00| 0 eng d aSabherwal, O.P. aWinds of change in Punjab c1985 a4,32 a6 July aPunjab - Politics aMainstream